000 00550nam a22002297a 4500
003 UA-OsUOA
001 26757
007 ta
008 20040609b un ||||| |||| 00| 0 ukr d
090 _a621
_bС74
942 _cBK
040 _aUA-OsUOA
_brus
_cUA-OsUOA
_dUA-OsUOA
245 _aСправочник по лазенрой технике
_cРед. З.В.Божко
300 _a288 с.
955 _a0
041 _arus
080 _a621
260 _aКиев
_bТехніка
_c1978
044 _aRU
650 7 _2UDC
999 _c313085
_d313085